Normal view
MARC view
- DOAN, ANHAI
Entry Personal Name
001 - CONTROL NUMBER
- control field: 55481
003 - CONTROL NUMBER IDENTIFIER
- control field: NUST
005 - DATE AND TIME OF LATEST TRANSACTION
- control field: 20210625103019.0
008 - FIXED-LENGTH DATA ELEMENTS
- fixed length control field: 210625|| aca||aabn | a|a d
040 ## - CATALOGING SOURCE
- Original cataloging agency: NUST
- Transcribing agency: NUST
100 ## - HEADING--PERSONAL NAME
- Personal name: DOAN, ANHAI
670 ## - SOURCE DATA FOUND
- Source citation: Work cat.: (NUST): DOAN, ANHAI., PRINCIPLES OF DATA INTEGRATION /, 2012.
